| 000 | 00504nam a22001937a 4500 | ||
|---|---|---|---|
| 003 | OSt | ||
| 005 | 20171029112418.0 | ||
| 008 | 110408t xxu||||| |||| 00| 0 eng d | ||
| 020 | _a8190366416 | ||
| 040 |
_aLDCLIB _cLDCLIB |
||
| 082 |
_a342.4106 _222 _bCRA |
||
| 100 |
_aCraig, Paul. _9372 |
||
| 245 |
_aAdministrative Law / _cPaul Craig . |
||
| 250 | _a7th ed. | ||
| 260 |
_aLondon : _bSweet and Maxwell , _c2003. |
||
| 300 |
_a1xxviii, 960 p. ; _c24 cm. |
||
| 650 | _aAdministrative Law | ||
| 942 |
_2ddc _cBK |
||
| 999 |
_c136 _d136 |
||